<?xml version="1.0" encoding="UTF-8"?>
<record
    xmlns:xsi="http://www.w3.org/2001/XMLSchema-instance"
    xsi:schemaLocation="http://www.loc.gov/MARC21/slim http://www.loc.gov/standards/marcxml/schema/MARC21slim.xsd"
    xmlns="http://www.loc.gov/MARC21/slim">

  <leader>01070    a2200241   4500</leader>
  <controlfield tag="005">20080904142258.0</controlfield>
  <controlfield tag="008">080904t        xxu||||| |||| 00| 0 hin d</controlfield>
  <datafield tag="010" ind1=" " ind2=" ">
    <subfield code="a">HIN-79903</subfield>
  </datafield>
  <datafield tag="020" ind1=" " ind2=" ">
    <subfield code="a">8190196057</subfield>
    <subfield code="c">150.00</subfield>
  </datafield>
  <datafield tag="035" ind1=" " ind2=" ">
    <subfield code="a">HN-52249</subfield>
  </datafield>
  <datafield tag="037" ind1=" " ind2=" ">
    <subfield code="b">D.B.Act / pub</subfield>
  </datafield>
  <datafield tag="082" ind1=" " ind2=" ">
    <subfield code="a">&#x909;</subfield>
  </datafield>
  <datafield tag="100" ind1=" " ind2=" ">
    <subfield code="a">&#x926;&#x94D;&#x935;&#x93F;&#x935;&#x947;&#x926;&#x940;, &#x939;&#x930;&#x93F;&#x936;&#x902;&#x915;&#x930;</subfield>
  </datafield>
  <datafield tag="245" ind1=" " ind2=" ">
    <subfield code="a">&#x924;&#x940;&#x938;&#x930;&#x93E; &#x91C;&#x939;&#x930;</subfield>
    <subfield code="c">&#x939;&#x930;&#x93F;&#x936;&#x902;&#x915;&#x930; &#x926;&#x94D;&#x935;&#x93F;&#x935;&#x947;&#x926;&#x940;</subfield>
  </datafield>
  <datafield tag="246" ind1=" " ind2=" ">
    <subfield code="a">Teesara Jahar</subfield>
    <subfield code="b">by Harishankar Dwivedi</subfield>
  </datafield>
  <datafield tag="260" ind1=" " ind2=" ">
    <subfield code="a">&#x907;&#x932;&#x93E;&#x939;&#x93E;&#x92C;&#x93E;&#x926;</subfield>
    <subfield code="b">&#x936;&#x93E;&#x932;&#x93F;&#x928;&#x940; &#x92A;&#x94D;&#x930;&#x915;&#x93E;&#x936;&#x928;</subfield>
    <subfield code="c">2006</subfield>
  </datafield>
  <datafield tag="270" ind1=" " ind2=" ">
    <subfield code="a">17/&#x90F; &#x936;&#x93F;&#x935;&#x915;&#x941;&#x91F;&#x940;</subfield>
    <subfield code="b">&#x907;&#x932;&#x93E;&#x939;&#x93E;&#x92C;&#x93E;&#x926;</subfield>
  </datafield>
  <datafield tag="300" ind1=" " ind2=" ">
    <subfield code="a">104&#x92A;&#x943;</subfield>
    <subfield code="c">22 &#x938;&#x947;&#x92E;&#x940; (&#x938;&#x91C;&#x93F;&#x932;&#x94D;&#x926;)</subfield>
  </datafield>
  <datafield tag="650" ind1=" " ind2=" ">
    <subfield code="a">&#x939;&#x93F;&#x928;&#x94D;&#x926;&#x940; &#x909;&#x92A;&#x928;&#x94D;&#x92F;&#x93E;&#x938;</subfield>
  </datafield>
  <datafield tag="650" ind1=" " ind2=" ">
    <subfield code="a">Hindi  Novel</subfield>
  </datafield>
  <datafield tag="942" ind1=" " ind2=" ">
    <subfield code="a">dpl</subfield>
    <subfield code="c">HN</subfield>
    <subfield code="k">&#x909; / &#x926;&#x94D;&#x935;&#x93F;&#x935;&#x947;&#x926;&#x940;</subfield>
    <subfield code="2">ddc</subfield>
    <subfield code="h">&#x909; </subfield>
    <subfield code="m"> &#x926;&#x94D;&#x935;&#x93F;&#x935;&#x947;&#x926;&#x940;</subfield>
  </datafield>
  <datafield tag="999" ind1=" " ind2=" ">
    <subfield code="c">4126</subfield>
    <subfield code="d">4126</subfield>
  </datafield>
  <datafield tag="952" ind1=" " ind2=" ">
    <subfield code="0">0</subfield>
    <subfield code="1">0</subfield>
    <subfield code="4">0</subfield>
    <subfield code="7">0</subfield>
    <subfield code="a">DBAD</subfield>
    <subfield code="b">DBAD</subfield>
    <subfield code="d">2008-09-04</subfield>
    <subfield code="g">150.00</subfield>
    <subfield code="l">0</subfield>
    <subfield code="o">&#x909;   &#x926;&#x94D;&#x935;&#x93F;&#x935;&#x947;&#x926;&#x940;</subfield>
    <subfield code="p">HN-52249</subfield>
    <subfield code="r">2008-09-15 00:00:00</subfield>
    <subfield code="t">1</subfield>
    <subfield code="u">4372</subfield>
    <subfield code="v">150.00</subfield>
    <subfield code="w">2008-09-15</subfield>
    <subfield code="y">HN</subfield>
  </datafield>
</record>
